LinkedIn a jeho vplyv na moderné formy vyhľadávania zamestnancov diplomová práca

Salvato in:
Dettagli Bibliografici
Autore principale: Kozárová, Petronela
Ente Autore: Fakulta podnikového manažmentu EU. Katedra manažmentu
Altri autori: Tarišková, Natália, 1973-
Natura: Libro
Lingua:slovacco
Pubblicazione: Bratislava 2017
Tags: Aggiungi Tag
Nessun Tag, puoi essere il primo ad aggiungerne!!

MARC

LEADER 00000nbm a2200000 4500
001 0232377
005 20171219101843.6
041 0 |a slo 
044 |a SK 
245 1 0 |a LinkedIn a jeho vplyv na moderné formy vyhľadávania zamestnancov  |b diplomová práca  |c Petronela Kozárová ; školiteľ: Natália Tarišková 
264 1 |a Bratislava  |c 2017 
300 |a 60 s. 
100 1 |a Kozárová, Petronela 
700 1 |a Tarišková, Natália, 1973- 
710 2 |a Fakulta podnikového manažmentu EU. Katedra manažmentu